[Event "Paul Keres mem (31st)"]
[Site "Vancouver CAN"]
[Date "2006.05.21"]
[Round "5.15"]
[White "Krzyzowski, Ernie"]
[Black "Long, Hugh"]
[Result "1/2-1/2"]
[WhiteElo "1685"]
[BlackElo "1724"]
[PlyCount "111"]
[EventDate "2006.05.19"]
[EventType "swiss"]
[EventRounds "6"]
[EventCountry "CAN"]

1. c4 c5 2. Nf3 Nc6 3. d4 cxd4 4. Nxd4 Nf6 5. Nc3 e5 6. Nxc6 bxc6 7. e4 Be7 8.
Be3 O-O 9. Be2 Re8 10. O-O Bb4 11. f3 Bxc3 12. bxc3 d6 13. Qd2 Qc7 14. Rfd1 Re6
15. Rab1 Rb8 16. Rb3 Rxb3 17. axb3 Nh5 18. b4 Rg6 19. Kh1 Re6 20. c5 d5 21.
exd5 cxd5 22. Qxd5 Re8 23. Bb5 Rf8 24. Qd6 Qb7 25. Bc6 Qa6 26. b5 Qa2 27. Qxe5
Qe2 28. Qd4 h6 29. Qd3 Qa2 30. Bd5 Qa4 31. c6 Bf5 32. Be4 Bxe4 33. fxe4 Nf6 34.
Bd4 Nxe4 35. Rf1 f5 36. g4 Nd6 37. gxf5 Nxb5 38. f6 Nxd4 39. Qxd4 Qxc6+ 40. Kg1
Rxf6 41. Rxf6 Qxf6 42. Qxa7 Qxc3 43. Qa8+ Kh7 44. Qe4+ g6 45. Qe7+ Qg7 46. Qe4
h5 47. h4 Qa1+ 48. Kh2 Qb2+ 49. Kg3 Qc3+ 50. Kh2 Qc7+ 51. Kg2 Kg7 52. Qd4+ Kf7
53. Qd5+ Kg7 54. Qd4+ Kh7 55. Qe4 Qd7 56. Kg3 1/2-1/2

[Event "Paul Keres mem (31st)"]
[Site "Vancouver CAN"]
[Date "2006.05.22"]
[Round "6.1"]
[White "Orlov, Georgi"]
[Black "Meng, Fanhao"]
[Result "1/2-1/2"]
[WhiteElo "2587"]
[BlackElo "2255"]
[PlyCount "118"]
[EventDate "2006.05.19"]
[EventType "swiss"]
[EventRounds "6"]
[EventCountry "CAN"]

1. d4 d5 2. c4 Nc6 3. Nc3 dxc4 4. Nf3 Nf6 5. e4 Bg4 6. Be3 e6 7. Bxc4 Bb4 8.
Qc2 O-O 9. Rd1 Qe7 10. Be2 Rfd8 11. O-O Ba5 12. h3 Bxf3 13. Bxf3 Bb6 14. e5 Nd5
15. Bxd5 exd5 16. f4 f6 17. Bf2 fxe5 18. dxe5 Qe6 19. Bxb6 axb6 20. Nb5 Rd7 21.
Qb3 Rf8 22. g4 Kh8 23. Rde1 Qe7 24. e6 Qc5+ 25. Kh1 Re7 26. Rc1 Qb4 27. Qxb4
Nxb4 28. f5 c6 29. Nd6 Nd3 30. Rb1 Kg8 31. Rf3 Ne5 32. Re3 Rd8 33. Rxe5 Rxd6
34. Rbe1 h6 35. h4 Re8 36. g5 hxg5 37. hxg5 d4 38. Kg2 Kf8 39. Kf3 Ke7 40. Rh1
d3 41. Rd1 Red8 42. Rd2 Rd5 43. Rxd5 Rxd5 44. Kf4 g6 45. fxg6 Kxe6 46. g7 Kf7
47. Ke4 Rxg5 48. Rxd3 Kxg7 49. Rd7+ Kf6 50. Rxb7 Rb5 51. b3 Ke6 52. Kd4 Kd6 53.
Kc4 Rc5+ 54. Kb4 Rb5+ 55. Kc3 c5 56. a3 Kc6 57. Ra7 Ra5 58. Rxa5 bxa5 59. Kc4
a4 1/2-1/2

[Event "Paul Keres mem (31st)"]
[Site "Vancouver CAN"]
[Date "2006.05.22"]
[Round "6.3"]
[White "Patterson, Roger"]
[Black "Davies, Noam"]
[Result "1/2-1/2"]
[WhiteElo "2186"]
[BlackElo "2038"]
[PlyCount "37"]
[EventDate "2006.05.19"]
[EventType "swiss"]
[EventRounds "6"]
[EventCountry "CAN"]

1. e4 c5 2. Nf3 e6 3. d4 cxd4 4. Nxd4 a6 5. Bd3 Nf6 6. O-O Qc7 7. Nc3 b5 8. Qe2
d6 9. Kh1 Bb7 10. f4 Nbd7 11. Bd2 Be7 12. Rae1 b4 13. Nd1 d5 14. exd5 Nxd5 15.
c4 bxc3 16. Bxc3 Nxf4 17. Rxf4 Qxf4 18. Nf5 Bd6 19. Nxd6+ 1/2-1/2

[Event "Paul Keres mem (31st)"]
[Site "Vancouver CAN"]
[Date "2006.05.22"]
[Round "6.4"]
[White "Kostin, Andrey"]
[Black "Davies, Lucas"]
[Result "1/2-1/2"]
[WhiteElo "1963"]
[BlackElo "2154"]
[PlyCount "40"]
[EventDate "2006.05.19"]
[EventType "swiss"]
[EventRounds "6"]
[EventCountry "CAN"]

1. e4 c6 2. Nc3 d5 3. Nf3 dxe4 4. Nxe4 Nf6 5. Nxf6+ gxf6 6. g3 Bf5 7. Bg2 e6 8.
d3 Bg7 9. a4 Nd7 10. a5 Bg4 11. h3 Bxf3 12. Qxf3 Ne5 13. Qe2 a6 14. Bd2 Qd6 15.
Bc3 O-O-O 16. Ra4 Rdg8 17. Qe3 Kb8 18. Qd4 Qxd4 19. Bxd4 f5 20. Be3 Nd7 1/2-1/2

[Event "Paul Keres mem (31st)"]
[Site "Vancouver CAN"]
[Date "2006.05.22"]
[Round "6.5"]
[White "Berry, Jonathan"]
[Black "Salcedo, Daniel"]
[Result "1-0"]
[WhiteElo "2298"]
[BlackElo "2007"]
[PlyCount "55"]
[EventDate "2006.05.19"]
[EventType "swiss"]
[EventRounds "6"]
[EventCountry "CAN"]

1. e4 c5 2. Nf3 d6 3. Bb5+ Bd7 4. Bxd7+ Nxd7 5. O-O Ngf6 6. Re1 g6 7. c3 c4 8.
Qa4 Qc7 9. b3 cxb3 10. axb3 Bg7 11. d4 O-O 12. Ra2 e6 13. c4 d5 14. Nbd2 dxe4
15. Nxe4 Nxe4 16. Rxe4 e5 17. Ba3 Rfd8 18. d5 a6 19. b4 b5 20. Qb3 Nb6 21. c5
Nxd5 22. Rae2 Nf4 23. R2e3 Qd7 24. Nxe5 Bxe5 25. Rxe5 Qg4 26. g3 Rd1+ 27. Re1
Qf3 28. Qxf3 1-0

[Event "Paul Keres mem (31st)"]
[Site "Vancouver CAN"]
[Date "2006.05.22"]
[Round "6.6"]
[White "Chan, James"]
[Black "Jiganchine, Roman"]
[Result "1/2-1/2"]
[WhiteElo "1973"]
[BlackElo "2241"]
[PlyCount "77"]
[EventDate "2006.05.19"]
[EventType "swiss"]
[EventRounds "6"]
[EventCountry "CAN"]

1. e4 c6 2. d4 d5 3. Nc3 dxe4 4. Nxe4 Bf5 5. Ng3 Bg6 6. Nf3 Nd7 7. h4 h6 8. h5
Bh7 9. Bd3 Bxd3 10. Qxd3 Qc7 11. Bd2 Ngf6 12. O-O-O O-O-O 13. Ne4 e6 14. Kb1
Nxe4 15. Qxe4 Nf6 16. Qe2 Bd6 17. g3 Rhe8 18. Ne5 Bxe5 19. dxe5 Nd5 20. c4 Ne7
21. Bc3 c5 22. g4 Nc6 23. Qe4 Rxd1+ 24. Rxd1 Rd8 25. Rxd8+ Qxd8 26. Kc2 Qg5 27.
a3 Kd7 28. b4 cxb4 29. axb4 Ke8 30. b5 Nd8 31. Qd4 g6 32. Bd2 Qh4 33. hxg6 fxg6
34. f3 Qh2 35. Kb3 Qe2 36. Bxh6 Qxf3+ 37. Kb4 Qh1 38. Bg5 Nf7 39. Bf6 1/2-1/2

[Event "Paul Keres mem (31st)"]
[Site "Vancouver CAN"]
[Date "2006.05.22"]
[Round "6.7"]
[White "Hughey, Micah"]
[Black "Tegzes, Laszlo"]
[Result "1/2-1/2"]
[WhiteElo "2005"]
[BlackElo "2109"]
[PlyCount "48"]
[EventDate "2006.05.19"]
[EventType "swiss"]
[EventRounds "6"]
[EventCountry "CAN"]

1. e4 c5 2. c3 Nf6 3. e5 Nd5 4. d4 cxd4 5. Nf3 Nc6 6. Bc4 e6 7. O-O d6 8. exd6
Qxd6 9. cxd4 Be7 10. Nc3 Nxc3 11. bxc3 O-O 12. Re1 Bf6 13. Bg5 Qd8 14. Qd2 b6
15. Bd3 Bb7 16. Be4 Na5 17. Bxb7 Nxb7 18. c4 Rc8 19. Rac1 Bxg5 20. Nxg5 h6 21.
Ne4 Nd6 22. Nxd6 Qxd6 23. Red1 Rfd8 24. g3 Qa3 1/2-1/2

[Event "Paul Keres mem (31st)"]
[Site "Vancouver CAN"]
[Date "2006.05.22"]
[Round "6.8"]
[White "Yearwood, Roy"]
[Black "Toubale, Tarek"]
[Result "1-0"]
[WhiteElo "2100"]
[BlackElo "2166"]
[PlyCount "95"]
[EventDate "2006.05.19"]
[EventType "swiss"]
[EventRounds "6"]
[EventCountry "CAN"]

1. e4 d5 2. exd5 Qxd5 3. Nc3 Qd6 4. Nf3 Nf6 5. d4 a6 6. Be2 Bg4 7. h3 Bh5 8.
Be3 Nc6 9. Qd2 e6 10. Bf4 Qd8 11. Bh2 Bd6 12. Rd1 O-O 13. Ne5 Bxe2 14. Qxe2 Nb4
15. O-O Nbd5 16. Ne4 Nxe4 17. Qxe4 b5 18. c3 Re8 19. a4 Rb8 20. axb5 axb5 21.
Ra1 Ra8 22. Qd3 c6 23. Bg3 Qc7 24. c4 bxc4 25. Qxc4 f6 26. Rxa8 Rxa8 27. Qxc6
Qxc6 28. Nxc6 Bxg3 29. fxg3 Rc8 30. Rc1 Kf8 31. Rc5 Ne7 32. Nxe7 Rxc5 33. dxc5
Kxe7 34. b4 h5 35. b5 Kd7 36. Kf2 g5 37. Ke3 e5 38. c6+ Kc7 39. Ke4 Kd6 40. g4
hxg4 41. hxg4 Kc7 42. Kd5 Kb6 43. Kc4 Kc7 44. Kc5 Kb8 45. b6 Kc8 46. Kd5 Kb8
47. Kd6 e4 48. c7+ 1-0

[Event "Paul Keres mem (31st)"]
[Site "Vancouver CAN"]
[Date "2006.05.22"]
[Round "6.9"]
[White "Phonchiangkwong, Sumon Chai"]
[Black "Niksic, John"]
[Result "1-0"]
[WhiteElo "1881"]
[BlackElo "2005"]
[PlyCount "67"]
[EventDate "2006.05.19"]
[EventType "swiss"]
[EventRounds "6"]
[EventCountry "CAN"]

1. e4 e6 2. d4 d5 3. Nd2 Nf6 4. Bd3 dxe4 5. Nxe4 Nbd7 6. Ng3 c5 7. Nf3 Be7 8.
O-O O-O 9. c3 cxd4 10. cxd4 Nd5 11. Re1 N7f6 12. h4 Bd7 13. h5 Rc8 14. Bd2 Qb6
15. Rb1 Bb5 16. Bxb5 Qxb5 17. Ne5 Rfd8 18. h6 g6 19. Ne4 Nxe4 20. Rxe4 f6 21.
Qg4 f5 22. Qh3 Rc2 23. Nxg6 hxg6 24. Rxe6 Bf6 25. Bg5 Kf7 26. Bxf6 Nxf6 27.
Rbe1 Ne4 28. h7 Qb4 29. R6xe4 fxe4 30. Rxe4 Rc1+ 31. Kh2 Qd6+ 32. g3 Kg7 33.
Re6 Qf8 34. Re2 1-0

[Event "Paul Keres mem (31st)"]
[Site "Vancouver CAN"]
[Date "2006.05.22"]
[Round "6.10"]
[White "Burke, Paul"]
[Black "Milicevic, Dragoljub"]
[Result "0-1"]
[WhiteElo "2032"]
[BlackElo "2135"]
[PlyCount "64"]
[EventDate "2006.05.19"]
[EventType "swiss"]
[EventRounds "6"]
[EventCountry "CAN"]

1. e4 d5 2. e5 c5 3. g3 Nc6 4. f4 h5 5. Nf3 Bg4 6. h3 Bxf3 7. Qxf3 Nd4 8. Qd1
e6 9. c3 Nc6 10. Bg2 Nge7 11. O-O Nf5 12. Rf3 g5 13. fxg5 Qxg5 14. d3 Qg6 15.
Bf4 O-O-O 16. Nd2 Rg8 17. Nf1 Nh4 18. Rf2 Nxg2 19. Kxg2 d4 20. c4 Be7 21. Kh2
Rdf8 22. Qe2 f6 23. exf6 Rxf6 24. Rg2 Rgf8 25. Re1 e5 26. Bd2 Rf3 27. g4 Bh4
28. Rd1 hxg4 29. Rxg4 Qf5 30. Kg1 Rf2 31. Qe1 Qf3 32. Nh2 Rxh2 0-1

[Event "Paul Keres mem (31st)"]
[Site "Vancouver CAN"]
[Date "2006.05.22"]
[Round "6.11"]
[White "Jiang, Louie"]
[Black "Landingin, Jofrei"]
[Result "0-1"]
[WhiteElo "2073"]
[BlackElo "1675"]
[PlyCount "86"]
[EventDate "2006.05.19"]
[EventType "swiss"]
[EventRounds "6"]
[EventCountry "CAN"]

1. e4 e5 2. Nf3 Nf6 3. Nxe5 d6 4. Nf3 Nxe4 5. d4 d5 6. Bd3 Be7 7. O-O O-O 8. c4
c6 9. Nc3 Nxc3 10. bxc3 Bg4 11. Re1 Re8 12. Rb1 b6 13. cxd5 cxd5 14. Bf4 Bf6
15. Qa4 Rxe1+ 16. Rxe1 Nd7 17. Bb5 a6 18. Bc6 Rc8 19. h3 Bf5 20. c4 Bc2 21.
Qxc2 Rxc6 22. Qa4 Rxc4 23. Qxa6 Bxd4 24. Nxd4 Rxd4 25. Be3 Re4 26. Rd1 Re5 27.
Qb7 Nc5 28. Qc6 h5 29. Bxc5 bxc5 30. Qxc5 Qa8 31. a3 f6 32. Qb4 Qa7 33. Rd4 Qc7
34. a4 Qc1+ 35. Kh2 Qf1 36. Rf4 Rg5 37. g3 Re5 38. Qd2 Kh7 39. g4 Re1 40. Qc2+
Kh6 41. g5+ fxg5 42. Qc6+ g6 43. Kg3 Qg1+ 0-1

[Event "Paul Keres mem (31st)"]
[Site "Vancouver CAN"]
[Date "2006.05.22"]
[Round "6.12"]
[White "Schemm, Michael"]
[Black "Milner, Arik"]
[Result "1-0"]
[WhiteElo "2033"]
[BlackElo "2730"]
[PlyCount "113"]
[EventDate "2006.05.19"]
[EventType "swiss"]
[EventRounds "6"]
[EventCountry "CAN"]

1. Nf3 c6 2. b3 d5 3. e3 Bg4 4. Be2 Nf6 5. Bb2 Nbd7 6. d3 Qc7 7. Nbd2 Bxf3 8.
Bxf3 e5 9. c4 Nc5 10. Qc2 Bd6 11. d4 Ncd7 12. Rc1 Rc8 13. cxd5 cxd5 14. Qxc7
Rxc7 15. O-O O-O 16. dxe5 Nxe5 17. Rxc7 Bxc7 18. Rc1 Bd6 19. Kf1 Nd3 20. Rc2
Nxb2 21. Rxb2 Rc8 22. Bd1 Ne4 23. Nxe4 dxe4 24. Rd2 Rc6 25. Bg4 g6 26. h3 f5
27. Bd1 Kf7 28. f3 Ke6 29. fxe4 fxe4 30. Rd4 Ke5 31. b4 a6 32. Bb3 b5 33. Ke2
h5 34. Kd2 h4 35. Bc2 Rc4 36. Rxc4 bxc4 37. a3 Kd5 38. Ba4 Be5 39. Be8 c3+ 40.
Kc2 g5 41. Bf7+ Kd6 42. Bc4 a5 43. bxa5 Kc5 44. Ba6 Kc6 45. Bc8 Kb5 46. a6 Kb6
47. Bb7 Ka7 48. Bxe4 Kxa6 49. Kb3 Ka5 50. a4 Bh8 51. Bc2 Bg7 52. Kc4 Be5 53. e4
Bf6 54. Kd5 Kb4 55. e5 Bd8 56. e6 Ka3 57. a5 1-0

[Event "Paul Keres mem (31st)"]
[Site "Vancouver CAN"]
[Date "2006.05.22"]
[Round "6.13"]
[White "Ozkan, Charlie"]
[Black "Gaciu, Vlad"]
[Result "1-0"]
[WhiteElo "1901"]
[BlackElo "1748"]
[PlyCount "95"]
[EventDate "2006.05.19"]
[EventType "swiss"]
[EventRounds "6"]
[EventCountry "CAN"]

1. Nf3 Nf6 2. b3 d5 3. Bb2 Bf5 4. g3 c5 5. d3 Nc6 6. Bg2 e6 7. O-O Bd6 8. Nbd2
O-O 9. Nh4 Bg6 10. c4 Be5 11. Bxe5 Nxe5 12. a3 Rb8 13. Qc2 b6 14. Qb2 d4 15. b4
a6 16. a4 b5 17. cxb5 cxb4 18. Qxb4 a5 19. Qb2 Qb6 20. Rfc1 Bxd3 21. f4 Bxe2
22. fxe5 d3+ 23. Kh1 Ng4 24. h3 Nf2+ 25. Kh2 g5 26. Rc6 Qa7 27. b6 Qe7 28. Nhf3
g4 29. Nh4 gxh3 30. Bxh3 Nxh3 31. Kxh3 Qg5 32. Ndf3 Qh6 33. Qd2 Qg7 34. Qf4 h5
35. Ra2 f5 36. exf6 Qg4+ 37. Kg2 Qxf4 38. gxf4 Rxf6 39. f5 Rf7 40. Rxe6 Rfb7
41. Rb2 Rc8 42. Nd4 Bd1 43. Rc6 Rxc6 44. Nxc6 Bc2 45. Nf3 Bxa4 46. Nxa5 Rg7+
47. Kf2 d2 48. Rxd2 1-0

[Event "Paul Keres mem (31st)"]
[Site "Vancouver CAN"]
[Date "2006.05.22"]
[Round "6.14"]
[White "North, Robert"]
[Black "Healy, Tom"]
[Result "0-1"]
[WhiteElo "1966"]
[BlackElo "2026"]
[PlyCount "56"]
[EventDate "2006.05.19"]
[EventType "swiss"]
[EventRounds "6"]
[EventCountry "CAN"]

1. d4 Nf6 2. c4 g6 3. g3 Bg7 4. Bg2 O-O 5. Nf3 d6 6. O-O Na6 7. Nc3 c5 8. d5
Bd7 9. h3 Rb8 10. a4 Nb4 11. e4 Ne8 12. Qd2 e5 13. Ne1 f5 14. Nd3 Nxd3 15. Qxd3
f4 16. a5 g5 17. g4 Rf7 18. f3 Bf8 19. Bd2 Nf6 20. Rfb1 h5 21. Qe2 Be7 22. Nd1
hxg4 23. hxg4 Qf8 24. b4 cxb4 25. Rxb4 Nxg4 26. fxg4 f3 27. Qf2 fxg2 28. Qxg2
Qc8 0-1

[Event "Paul Keres mem (31st)"]
[Site "Vancouver CAN"]
[Date "2006.05.22"]
[Round "6.15"]
[White "Long, Hugh"]
[Black "Herodek, Joseph"]
[Result "0-1"]
[WhiteElo "1724"]
[BlackElo "1937"]
[PlyCount "60"]
[EventDate "2006.05.19"]
[EventType "swiss"]
[EventRounds "6"]
[EventCountry "CAN"]

1. d4 d5 2. c4 c6 3. cxd5 cxd5 4. Nf3 Nc6 5. Nc3 e6 6. a3 Be7 7. Bf4 a6 8. e3
Nf6 9. Bd3 O-O 10. Rc1 Nh5 11. Bg3 h6 12. Ne5 Nxg3 13. hxg3 f5 14. Ng6 Rf6 15.
Qh5 Qe8 16. Nxe7+ Qxe7 17. Ke2 Qf7 18. Qxf7+ Rxf7 19. Na4 Bd7 20. Nb6 Rb8 21.
Nxd7 Rxd7 22. b4 Rc7 23. Rc2 Rbc8 24. Rhc1 Kf7 25. a4 b5 26. axb5 axb5 27. Bxb5
Nxd4+ 28. exd4 Rxc2+ 29. Rxc2 Rxc2+ 30. Kd3 Rxf2 0-1

[Event "Paul Keres mem (31st)"]
[Site "Vancouver CAN"]
[Date "2006.05.22"]
[Round "7.1"]
[White "Patterson, Roger"]
[Black "Pechisker, Alfred"]
[Result "1/2-1/2"]
[WhiteElo "2186"]
[BlackElo "2250"]
[PlyCount "67"]
[EventDate "2006.05.19"]
[EventType "swiss"]
[EventRounds "6"]
[EventCountry "CAN"]

1. e4 c6 2. d4 d5 3. exd5 cxd5 4. Bd3 Nc6 5. c3 Nf6 6. Bf4 g6 7. Nd2 Bg7 8.
Ngf3 O-O 9. O-O Nh5 10. Bg3 Nxg3 11. hxg3 Bg4 12. Qb3 Rb8 13. Rae1 Qd6 14. Nh2
Bd7 15. f4 e6 16. Qd1 b5 17. b4 a5 18. a3 a4 19. Nhf3 Ne7 20. g4 Rb7 21. g3 Rc7
22. Nb1 Rfc8 23. Qd2 Rf8 24. Kg2 f6 25. Qe2 Qb6 26. g5 f5 27. Rh1 Rf7 28. Ne5
Bxe5 29. Qxe5 Nc8 30. Rh6 Qd6 31. Qe2 Qc6 32. Reh1 Nd6 33. Qe5 Rg7 34. Qe2
1/2-1/2

[Event "Paul Keres mem (31st)"]
[Site "Vancouver CAN"]
[Date "2006.05.22"]
[Round "7.2"]
[White "Meng, Fanhao"]
[Black "Berry, Jonathan"]
[Result "1/2-1/2"]
[WhiteElo "2255"]
[BlackElo "2298"]
[PlyCount "103"]
[EventDate "2006.05.19"]
[EventType "swiss"]
[EventRounds "6"]
[EventCountry "CAN"]

1. e4 e5 2. Nf3 Nc6 3. Bc4 Nf6 4. Nc3 Bc5 5. d3 d6 6. Bg5 h6 7. Bh4 g5 8. Bg3
Be6 9. Bxe6 fxe6 10. Na4 Bb6 11. Nxb6 axb6 12. O-O Qe7 13. Re1 h5 14. h4 gxh4
15. Bxh4 Rg8 16. Qd2 Qg7 17. Qg5 Qxg5 18. Bxg5 Nd7 19. a3 Nd4 20. Nxd4 exd4 21.
Bd2 Ne5 22. Kf1 Kd7 23. g3 Raf8 24. Ke2 h4 25. Bf4 Ng4 26. Rf1 e5 27. Bd2 Nh2
28. Rh1 hxg3 29. fxg3 Nf3 30. Bh6 Rf6 31. Rh3 Ke6 32. Rf1 Rh8 33. Rxf3 Rfxh6
34. Rxh6+ Rxh6 35. Kf1 Rh1+ 36. Kg2 Rb1 37. b3 b5 38. g4 Ra1 39. g5 Rxa3 40.
Kg3 Ra8 41. Kg4 c5 42. g6 Ra1 43. Rf2 Rg1+ 44. Kh5 b4 45. Kh6 Rh1+ 46. Kg7 b5
47. Rf6+ Ke7 48. Rf7+ Ke6 49. Kg8 Rh2 50. g7 Rxc2 51. Kf8 Rg2 52. Re7+ 1/2-1/2

[Event "Paul Keres mem (31st)"]
[Site "Vancouver CAN"]
[Date "2006.05.22"]
[Round "7.3"]
[White "Kostin, Andrey"]
[Black "Orlov, Georgi"]
[Result "0-1"]
[WhiteElo "1963"]
[BlackElo "2587"]
[PlyCount "58"]
[EventDate "2006.05.19"]
[EventType "swiss"]
[EventRounds "6"]
[EventCountry "CAN"]

1. e4 g6 2. d4 Bg7 3. Nf3 d6 4. c4 Bg4 5. Be2 Nc6 6. Nbd2 e5 7. d5 Nce7 8. O-O
Nh6 9. h3 Bd7 10. b4 O-O 11. Nb3 f6 12. Ne1 f5 13. f3 f4 14. c5 Rf6 15. Nd3 Nf7
16. Kf2 g5 17. Ke1 h5 18. Kd2 c6 19. dxc6 Nxc6 20. Ke1 Rg6 21. Rh1 Be6 22. Bb2
d5 23. b5 Nd4 24. Nxd4 exd4 25. e5 Nxe5 26. Nxe5 Bxe5 27. Bxd4 Qf6 28. Bxe5
Qxe5 29. Rc1 Bf5 0-1

[Event "Paul Keres mem (31st)"]
[Site "Vancouver CAN"]
[Date "2006.05.22"]
[Round "7.5"]
[White "Davies, Noam"]
[Black "Tegzes, Laszlo"]
[Result "1/2-1/2"]
[WhiteElo "2038"]
[BlackElo "2109"]
[PlyCount "55"]
[EventDate "2006.05.19"]
[EventType "swiss"]
[EventRounds "6"]
[EventCountry "CAN"]

1. e4 d6 2. d4 g6 3. Be3 Bg7 4. Nc3 Nf6 5. f3 c6 6. Qd2 O-O 7. O-O-O b5 8. Bh6
b4 9. Nb1 Qa5 10. h4 Ba6 11. h5 Bxf1 12. Rxf1 e5 13. g4 Qc7 14. Ne2 c5 15. Ng3
Ne8 16. dxc5 Nc6 17. Rf2 Nd4 18. Bxg7 Kxg7 19. f4 Qxc5 20. fxe5 b3 21. hxg6
Qxc2+ 22. Qxc2 bxc2 23. Na3 hxg6 24. exd6 Nxd6 25. Nxc2 Rac8 26. Kb1 Nxc2 27.
Rxc2 Rxc2 28. Kxc2 1/2-1/2

[Event "Paul Keres mem (31st)"]
[Site "Vancouver CAN"]
[Date "2006.05.22"]
[Round "7.6"]
[White "Jiganchine, Roman"]
[Black "Phonchiangkwong, Sumon Chai"]
[Result "1-0"]
[WhiteElo "2241"]
[BlackElo "1881"]
[PlyCount "89"]
[EventDate "2006.05.19"]
[EventType "swiss"]
[EventRounds "6"]
[EventCountry "CAN"]

1. e4 e5 2. Nf3 Nc6 3. Bb5 Nd4 4. Nxd4 exd4 5. O-O Bc5 6. d3 Ne7 7. Nd2 O-O 8.
Kh1 c6 9. Ba4 d5 10. Bb3 Be6 11. f4 f5 12. e5 Ng6 13. Nf3 Qe7 14. Qe1 Bb6 15.
c3 dxc3 16. bxc3 Rfe8 17. a4 c5 18. d4 cxd4 19. Nxd4 Rac8 20. Qd2 Bxd4 21. cxd4
Qc7 22. Bb2 Qb6 23. Rf3 Re7 24. a5 Qa6 25. h3 Rec7 26. Ba3 Nh4 27. Rg3 b6 28.
Bd6 Rc6 29. Kh2 Qb7 30. a6 Qf7 31. Ba4 Rc4 32. Bb3 R4c6 33. Bb4 Ng6 34. Rf3 Nh4
35. Rff1 Qh5 36. Qd1 Qh6 37. Be7 Nxg2 38. Kxg2 Rc3 39. Rf3 Qg6+ 40. Kh2 Bf7 41.
Bb4 R3c6 42. Rg3 Qh6 43. Qf3 Kh8 44. Rag1 Bh5 45. Qe3 1-0

[Event "Paul Keres mem (31st)"]
[Site "Vancouver CAN"]
[Date "2006.05.22"]
[Round "7.7"]
[White "Trandafir, Stefan"]
[Black "Hughey, Micah"]
[Result "1/2-1/2"]
[WhiteElo "1717"]
[BlackElo "2005"]
[PlyCount "39"]
[EventDate "2006.05.19"]
[EventType "swiss"]
[EventRounds "6"]
[EventCountry "CAN"]

1. d4 d5 2. Nf3 c5 3. e3 Nc6 4. c3 e6 5. Bd3 Nf6 6. Nbd2 Be7 7. O-O Qc7 8. e4
dxe4 9. Nxe4 Nxe4 10. Bxe4 b6 11. Bf4 Bd6 12. Bxd6 Qxd6 13. Ne5 Bb7 14. Qf3
Nxe5 15. dxe5 Bxe4 16. Qxe4 Qd5 17. Qa4+ Qd7 18. Qxd7+ Kxd7 19. Rad1+ Ke7 20.
Rd6 1/2-1/2

[Event "Paul Keres mem (31st)"]
[Site "Vancouver CAN"]
[Date "2006.05.22"]
[Round "7.8"]
[White "Milicevic, Dragoljub"]
[Black "Yearwood, Roy"]
[Result "1/2-1/2"]
[WhiteElo "2135"]
[BlackElo "2100"]
[PlyCount "67"]
[EventDate "2006.05.19"]
[EventType "swiss"]
[EventRounds "6"]
[EventCountry "CAN"]

1. g3 f5 2. d4 Nf6 3. Bg2 g6 4. c4 Bg7 5. Nc3 d6 6. Nf3 O-O 7. O-O c6 8. Re1
Ne4 9. Qc2 d5 10. Bf4 e6 11. Be5 Nd7 12. Bxg7 Kxg7 13. e3 Ndf6 14. Ne5 Qa5 15.
f3 Nxc3 16. bxc3 Bd7 17. e4 Rac8 18. c5 b6 19. Nd3 Rc7 20. Rab1 Bc8 21. exf5
exf5 22. Rb4 b5 23. Ne5 Re7 24. Rbb1 Qc7 25. Qd2 Rfe8 26. Bf1 a6 27. Kf2 Re6
28. h4 Rf8 29. Bh3 Ree8 30. Nd3 Ne4+ 31. fxe4 fxe4+ 32. Kg2 Bxh3+ 33. Kxh3 exd3
34. Qxd3 1/2-1/2

[Event "Paul Keres mem (31st)"]
[Site "Vancouver CAN"]
[Date "2006.05.22"]
[Round "7.9"]
[White "Salcedo, Daniel"]
[Black "Chan, James"]
[Result "1-0"]
[WhiteElo "2007"]
[BlackElo "1973"]
[PlyCount "85"]
[EventDate "2006.05.19"]
[EventType "swiss"]
[EventRounds "6"]
[EventCountry "CAN"]

1. d4 d5 2. c4 c6 3. Nf3 Nf6 4. Nc3 e6 5. cxd5 cxd5 6. Bf4 a6 7. e3 Be7 8. Bd3
Nc6 9. Rc1 Bd7 10. Ne5 Rc8 11. O-O b5 12. Nxd7 Qxd7 13. Nxb5 O-O 14. Nc3 Nb4
15. Bb1 g6 16. a3 Nc6 17. Qa4 Qb7 18. b4 Nd7 19. Bd3 Ncb8 20. e4 Nb6 21. Qb3
Rfd8 22. exd5 exd5 23. Na4 Nxa4 24. Qxa4 Bd6 25. Rxc8 Qxc8 26. Rc1 Qe6 27. Be3
Rc8 28. Rxc8+ Qxc8 29. g3 Kg7 30. Qb3 Qe6 31. Bf1 Nd7 32. Bxa6 Nf6 33. Be2 h5
34. h4 Ne4 35. Kg2 g5 36. hxg5 h4 37. gxh4 Nd2 38. Qd3 Nc4 39. Bc1 Bb8 40. Qf3
Kg8 41. Bd3 Nd6 42. Bf4 Nf5 43. Bxf5 1-0

[Event "Paul Keres mem (31st)"]
[Site "Vancouver CAN"]
[Date "2006.05.22"]
[Round "7.10"]
[White "Landingin, Jofrei"]
[Black "Schemm, Michael"]
[Result "1-0"]
[WhiteElo "1675"]
[BlackElo "2033"]
[PlyCount "57"]
[EventDate "2006.05.19"]
[EventType "swiss"]
[EventRounds "6"]
[EventCountry "CAN"]

1. e4 b6 2. Bc4 e6 3. Ne2 Bb7 4. d3 g6 5. O-O Bg7 6. c3 Ne7 7. Be3 d6 8. Qd2 h6
9. Bb5+ Nd7 10. Na3 a6 11. Ba4 b5 12. Bb3 Nc5 13. Bc2 e5 14. b4 Ne6 15. f4 exf4
16. Nxf4 Nxf4 17. Rxf4 g5 18. Rf2 Ng6 19. Raf1 O-O 20. Bb3 Nh8 21. h4 g4 22. g3
h5 23. Bh6 Qe7 24. Bxg7 Kxg7 25. Rf6 Qe5 26. Qh6+ Kg8 27. Kh2 Bc8 28. d4 Qxe4
29. Qg5+ 1-0

[Event "Paul Keres mem (31st)"]
[Site "Vancouver CAN"]
[Date "2006.05.22"]
[Round "7.11"]
[White "Toubale, Tarek"]
[Black "Ozkan, Charlie"]
[Result "1-0"]
[WhiteElo "2166"]
[BlackElo "1901"]
[PlyCount "77"]
[EventDate "2006.05.19"]
[EventType "swiss"]
[EventRounds "6"]
[EventCountry "CAN"]

1. e4 c6 2. d4 d5 3. Nc3 dxe4 4. Nxe4 Bf5 5. Ng3 Bg6 6. f4 e6 7. Nf3 Be7 8. Bd3
Nd7 9. O-O Bxd3 10. Qxd3 Ngf6 11. f5 exf5 12. Nxf5 O-O 13. c4 Re8 14. Bg5 Bf8
15. N3h4 Re6 16. Rad1 Qb6 17. b3 Rae8 18. Kh1 Qa5 19. Bd2 Qb6 20. Rf3 Re4 21.
Rf4 Qc7 22. Rdf1 Re2 23. Ng3 R2e6 24. R4f3 Bd6 25. Nhf5 Nf8 26. d5 cxd5 27.
cxd5 Re5 28. Nxd6 Qxd6 29. Bf4 Qxd5 30. Bxe5 Qxe5 31. Nf5 N8d7 32. Re3 Qb8 33.
Rfe1 Rxe3 34. Qxe3 g6 35. Qg3 Qd8 36. Qg5 Qc7 37. Rc1 Qb6 38. Qh6 Ne8 39. Rc8
1-0

[Event "Paul Keres mem (31st)"]
[Site "Vancouver CAN"]
[Date "2006.05.22"]
[Round "7.12"]
[White "Healy, Tom"]
[Black "Jiang, Louie"]
[Result "1/2-1/2"]
[WhiteElo "2026"]
[BlackElo "2073"]
[PlyCount "66"]
[EventDate "2006.05.19"]
[EventType "swiss"]
[EventRounds "6"]
[EventCountry "CAN"]

1. e4 c5 2. Nf3 d6 3. d4 cxd4 4. Nxd4 Nf6 5. Nc3 g6 6. Be2 Bg7 7. O-O O-O 8.
Be3 Nc6 9. Kh1 a6 10. f4 Qc7 11. Qd2 Nxd4 12. Bxd4 b5 13. Nd5 Nxd5 14. Bxg7
Kxg7 15. exd5 Bf5 16. Qd4+ Kg8 17. c4 bxc4 18. Bxc4 Rfc8 19. b3 Qc5 20. Qd2 Qb6
21. Rfe1 Rc7 22. Re3 Kf8 23. Rae1 Raa7 24. h3 Bc8 25. g4 a5 26. Rc3 Ba6 27.
Rec1 Kg8 28. Kg2 Bxc4 29. Rxc4 Rxc4 30. Rxc4 Rc7 31. Qc3 Rxc4 32. Qxc4 Qe3 33.
a3 Qd2+ 1/2-1/2

[Event "Paul Keres mem (31st)"]
[Site "Vancouver CAN"]
[Date "2006.05.22"]
[Round "7.13"]
[White "Niksic, John"]
[Black "Burke, Paul"]
[Result "1/2-1/2"]
[WhiteElo "2005"]
[BlackElo "2032"]
[PlyCount "33"]
[EventDate "2006.05.19"]
[EventType "swiss"]
[EventRounds "6"]
[EventCountry "CAN"]

1. Nf3 c5 2. c4 Nf6 3. g3 g6 4. Bg2 Bg7 5. O-O O-O 6. Nc3 Nc6 7. d4 cxd4 8.
Nxd4 Nxd4 9. Qxd4 d6 10. b3 Bf5 11. Bb2 Ne4 12. Qe3 Nxc3 13. Bxc3 Bxc3 14. Qxc3
Qc7 15. Rac1 Rac8 16. Qd2 Rfd8 17. Rfd1 1/2-1/2